[Event "Superbet POL Blitz 2025"]
[Site "Warsaw POL"]
[Date "2025.04.29"]
[Round "1.1"]
[White "Gavrilescu, David"]
[Black "Aravindh, Chithambaram VR."]
[Result "1/2-1/2"]
[WhiteTitle "GM"]
[BlackTitle "GM"]
[WhiteElo "2554"]
[BlackElo "2749"]
[WhiteFideId "1227190"]
[BlackFideId "5072786"]
[EventDate "2025.04.29"]

1. e4 c5 2. Nf3 d6 3. Bb5+ Nc6 4. O-O Bd7 5. Re1 Nf6 6. c3 a6 7. Bf1 Bg4 8. h3
Bxf3 9. Qxf3 g6 10. Qd1 e5 11. Na3 Bg7 12. Nc2 O-O 13. d4 cxd4 14. cxd4 exd4 15.
Nxd4 Nxd4 16. Qxd4 Re8 17. Qb4 d5 18. exd5 Rxe1 19. Qxe1 Nxd5 20. Bc4 b5 21. Bb3
a5 22. a4 bxa4 23. Bxd5 Qxd5 24. Rxa4 h5 25. Bd2 Qb3 26. Rxa5 Rd8 27. Ra1 Qxb2
28. Bg5 Rf8 29. Rb1 Qc2 30. h4 Qf5 31. Rb3 Ra8 32. Rb1 Bd4 33. Rd1 Bc5 34. Qe2
Bf8 35. g3 Qc8 36. Re1 Qd7 37. Qf3 Re8 38. Rxe8 Qxe8 39. Kg2 Bg7 40. Be3 Qe6 41.
Qb7 Qf5 42. Qc6 Qe6 43. Qxe6 fxe6 44. Kf3 Kf7 45. Ke4 Bf8 46. Bf4 Bc5 47. f3 Bf2
48. Be5 Be1 49. Kd3 Bf2 50. Ke4 Be1 51. Kd3 Bf2 52. Ke4 1/2-1/2

[Event "Superbet POL Blitz 2025"]
[Site "Warsaw POL"]
[Date "2025.04.29"]
[Round "1.2"]
[White "Deac, Bogdan-Daniel"]
[Black "Praggnanandhaa, R"]
[Result "1-0"]
[WhiteTitle "GM"]
[BlackTitle "GM"]
[WhiteElo "2668"]
[BlackElo "2758"]
[WhiteFideId "1226380"]
[BlackFideId "25059530"]
[EventDate "2025.04.29"]

1. d4 Nf6 2. Nf3 e6 3. c4 Bb4+ 4. Nbd2 O-O 5. g3 d6 6. Bg2 Qe7 7. O-O Bxd2 8.
Qxd2 e5 9. dxe5 dxe5 10. Qc3 Nc6 11. Rd1 h6 12. Be3 Re8 13. Nd2 e4 14. Nb3 Bg4
15. Rd2 Rad8 16. Nd4 Ne5 17. Re1 Bc8 18. Red1 Neg4 19. Nc2 Nxe3 20. Nxe3 Be6 21.
Qc2 Rxd2 22. Rxd2 Qb4 23. a3 Qa5 24. Rd1 Qe5 25. h3 h5 26. Qb3 Rb8 27. Qc2 g6
28. b4 a5 29. Qd2 axb4 30. axb4 Ra8 31. b5 Kg7 32. Qd4 Qxd4 33. Rxd4 Ra1+ 34.
Kh2 Ra2 35. Bxe4 Nxe4 36. Rxe4 Rxe2 37. Nf5+ gxf5 38. Rxe2 Bxc4 39. Re5 Bd3 40.
Rc5 Kg6 41. Rxc7 Bxb5 42. Rxb7 Bd3 43. Rb6+ f6 44. Rb4 Be4 45. h4 Kf7 46. Kg1
Ke6 47. Kf1 Ke5 48. Ke2 f4 49. Rb5+ Bd5 50. gxf4+ Kd4 51. Ra5 Be6 52. f3 Bd5 53.
Kf2 Bf7 54. Rf5 1-0

[Event "Superbet POL Blitz 2025"]
[Site "Warsaw POL"]
[Date "2025.04.29"]
[Round "1.3"]
[White "Aronian, Levon"]
[Black "Topalov, Veselin"]
[Result "1-0"]
[WhiteTitle "GM"]
[BlackTitle "GM"]
[WhiteElo "2747"]
[BlackElo "2717"]
[WhiteFideId "13300474"]
[BlackFideId "2900084"]
[EventDate "2025.04.29"]

1. e4 c5 2. Nf3 Nc6 3. Bb5 d6 4. Bxc6+ bxc6 5. e5 dxe5 6. Nxe5 Qd5 7. Nf3 Qe6+
8. Kf1 c4 9. b3 Nf6 10. Nc3 g6 11. Bb2 Bg7 12. Qe2 O-O 13. Qxe6 Bxe6 14. Nd4 Bd5
15. Re1 Rfe8 16. bxc4 Bxc4+ 17. d3 Bd5 18. Nb3 Nd7 19. Na4 Bxb2 20. Nxb2 c5 21.
f3 Rac8 22. c4 Bc6 23. Kf2 f6 24. Re2 Kf7 25. Rc1 Ba8 26. Na5 e5 27. Nd1 Nf8 28.
Ne3 Red8 29. Rc3 Ne6 30. Rd2 Rc7 31. Ra3 Rcd7 32. Nb3 Nf4 33. Nxc5 Rc7 34. Na4
f5 35. Nb2 Ne6 36. Ra5 Kf6 37. Na4 e4 38. fxe4 fxe4 39. Nc3 exd3 40. Ncd5+ Bxd5
41. Nxd5+ Rxd5 42. cxd5 Rc2 43. Ke3 Nf4 44. Rxc2 dxc2 45. Kd2 Ke5 46. Rxa7 1-0

[Event "Superbet POL Blitz 2025"]
[Site "Warsaw POL"]
[Date "2025.04.29"]
[Round "1.4"]
[White "Firouzja, Alireza"]
[Black "Duda, Jan-Krzysztof"]
[Result "0-1"]
[WhiteTitle "GM"]
[BlackTitle "GM"]
[WhiteElo "2757"]
[BlackElo "2739"]
[WhiteFideId "12573981"]
[BlackFideId "1170546"]
[EventDate "2025.04.29"]

1. Nf3 d5 2. b3 Nf6 3. Bb2 Bf5 4. g3 e6 5. Bg2 h6 6. O-O Be7 7. d3 O-O 8. Nbd2
Bh7 9. Re1 a5 10. a3 c6 11. e4 Nbd7 12. h3 Nc5 13. e5 Nfd7 14. Nf1 b5 15. g4 Rc8
16. Ng3 Na6 17. Qd2 c5 18. Bc3 b4 19. axb4 Nxb4 20. Red1 Nb8 21. Qe2 N8c6 22.
Bb2 Nd4 23. Bxd4 cxd4 24. Ne1 Rc5 25. f4 Qc7 26. Rd2 Rc8 27. Rc1 Rc3 28. Kh2
Rxb3 29. g5 hxg5 30. Qg4 Nxd3 31. Nxd3 Rxd3 32. Rf2 Rc3 33. Rcf1 Rxc2 34. Rxc2
Bxc2 35. Rf2 a4 36. fxg5 Qxe5 37. h4 a3 0-1

[Event "Superbet POL Blitz 2025"]
[Site "Warsaw POL"]
[Date "2025.04.29"]
[Round "1.5"]
[White "Vachier-Lagrave, Maxime"]
[Black "Fedoseev, Vladimir3"]
[Result "0-1"]
[WhiteTitle "GM"]
[BlackTitle "GM"]
[WhiteElo "2722"]
[BlackElo "2739"]
[WhiteFideId "623539"]
[BlackFideId "24130737"]
[EventDate "2025.04.29"]

1. e4 e5 2. Nf3 Nf6 3. Nxe5 d6 4. Nf3 Nxe4 5. Nc3 Nf6 6. d4 Be7 7. Bd3 O-O 8.
O-O Bg4 9. h3 Bh5 10. Re1 Nc6 11. g4 Bg6 12. g5 Nd7 13. Nd5 Nb6 14. Nxe7+ Nxe7
15. Nh4 Bxd3 16. Qxd3 Qd7 17. c4 Rae8 18. Bd2 f6 19. b3 fxg5 20. Bxg5 Nc6 21.
Ng2 Qf7 22. Bf4 Nd7 23. a3 Nf6 24. d5 Ne5 25. Bxe5 dxe5 26. Re2 b6 27. Rae1 e4
28. Qd4 Qd7 29. Qc3 Qf5 30. Qg3 Rf7 31. f3 Nh5 32. Qg4 Qxf3 33. Rxe4 Rxe4 34.
Rxe4 Qxg4 35. Re8+ Rf8 36. Rxf8+ Kxf8 37. hxg4 Nf6 38. Ne3 Ne4 39. Kg2 Ke7 40.
b4 Kf6 41. Kf3 Ke5 42. Ke2 Kd4 43. Nf5+ Kxc4 44. Nxg7 Kxd5 45. Ne8 c5 46. bxc5
bxc5 47. Ke3 Ke5 48. Nc7 Nf6 49. Nb5 a6 50. Na7 Nxg4+ 51. Kf3 Nf6 52. Nc6+ Kd5
53. Na5 c4 0-1

[Event "Superbet POL Blitz 2025"]
[Site "Warsaw POL"]
[Date "2025.04.29"]
[Round "2.1"]
[White "Praggnanandhaa, R"]
[Black "Aronian, Levon"]
[Result "0-1"]
[WhiteTitle "GM"]
[BlackTitle "GM"]
[WhiteElo "2758"]
[BlackElo "2747"]
[WhiteFideId "25059530"]
[BlackFideId "13300474"]
[EventDate "2025.04.29"]

1. d4 d5 2. c3 Nf6 3. Bf4 Nh5 4. Bg5 h6 5. Bh4 g5 6. e3 Nf6 7. Bg3 Bf5 8. Qb3 b6
9. Nf3 Ne4 10. c4 Nxg3 11. hxg3 e6 12. Nc3 c6 13. cxd5 exd5 14. Ne5 Bg7 15. Bd3
Bxd3 16. Nxd3 Nd7 17. Rc1 O-O 18. O-O Re8 19. Ne2 Re6 20. g4 Nf6 21. Ne5 c5 22.
Ng3 Ne4 23. Nxe4 dxe4 24. Rfd1 Bxe5 25. dxe5 Qe7 26. Qd5 Re8 27. Qxe4 Rxe5 28.
Qa4 Re4 29. Qc6 Re6 30. Qd7 Kg7 31. Rc3 Re4 32. Ra3 a5 33. Qf5 Rb4 34. Rd2 Qe6
35. Rad3 Rxg4 36. Qxe6 Rxe6 37. b3 a4 38. f3 Rb4 39. Kf2 axb3 40. axb3 g4 41.
Ra2 h5 42. Ra7 h4 43. e4 c4 44. bxc4 Rb2+ 45. Kf1 h3 46. fxg4 h2 0-1

[Event "Superbet POL Blitz 2025"]
[Site "Warsaw POL"]
[Date "2025.04.29"]
[Round "2.2"]
[White "Topalov, Veselin"]
[Black "Firouzja, Alireza"]
[Result "1-0"]
[WhiteTitle "GM"]
[BlackTitle "GM"]
[WhiteElo "2717"]
[BlackElo "2757"]
[WhiteFideId "2900084"]
[BlackFideId "12573981"]
[EventDate "2025.04.29"]

1. c4 e5 2. d3 Bb4+ 3. Bd2 c5 4. g3 Nc6 5. Bg2 Nge7 6. Nf3 O-O 7. Nc3 d6 8. O-O
h6 9. a3 Ba5 10. Rb1 Be6 11. Qa4 Bxc3 12. Bxc3 a5 13. e3 Qd7 14. Qd1 a4 15. Re1
Bh3 16. Bxh3 Qxh3 17. d4 e4 18. Nh4 Ng6 19. Ng2 Nd8 20. Nf4 Qf5 21. dxc5 Ne5 22.
Bxe5 dxe5 23. Nd5 Kh8 24. Nb6 Ra5 25. Qd6 Ne6 26. Nd7 Rd8 27. Qxe5 Rxc5 28. Qxf5
Rxf5 29. Red1 Ng5 30. Kg2 Nf3 31. c5 Rc8 32. Rbc1 Rc7 33. Rc4 Ng5 34. h4 Ne6 35.
Rxe4 Kh7 36. Rxa4 g5 37. hxg5 Rxg5 38. Nf6+ Kg6 39. Ne4 Rh5 40. g4 Re5 41. f4
Nxc5 42. Rd6+ Kg7 43. Nxc5 Rexc5 44. Kf3 Rc1 45. Rb4 Rf1+ 46. Ke2 Rg1 47. Rd2
Rxg4 48. Kf3 h5 49. Rb5 Kg6 50. Rh2 f5 51. Rb6+ Kg7 52. Rxh5 Rg1 53. Rxf5 Rf1+
54. Ke2 Rh1 55. Rfb5 1-0

[Event "Superbet POL Blitz 2025"]
[Site "Warsaw POL"]
[Date "2025.04.29"]
[Round "2.3"]
[White "Aravindh, Chithambaram VR."]
[Black "Fedoseev, Vladimir3"]
[Result "0-1"]
[WhiteTitle "GM"]
[BlackTitle "GM"]
[WhiteElo "2749"]
[BlackElo "2739"]
[WhiteFideId "5072786"]
[BlackFideId "24130737"]
[EventDate "2025.04.29"]

1. e4 e5 2. Nf3 Nf6 3. Nxe5 d6 4. Nf3 Nxe4 5. Bd3 Nf6 6. O-O Be7 7. Re1 O-O 8.
Bf1 d5 9. d4 c5 10. Bg5 h6 11. Bh4 Nc6 12. Nc3 Be6 13. a3 c4 14. Ne5 Re8 15. b3
cxb3 16. Nxc6 bxc6 17. cxb3 c5 18. Na4 cxd4 19. Qxd4 Qa5 20. Qd1 Bd7 21. Nb2 Qb6
22. Nd3 a5 23. b4 axb4 24. axb4 Rxa1 25. Qxa1 g5 26. Bg3 Ne4 27. Qa5 Qb7 28. Rc1
Bd8 29. Qa1 Bf5 30. Qa4 Bd7 31. Qa2 Be6 32. Nc5 Qxb4 33. Nxe6 fxe6 34. Qa8 Qe7
35. Rc8 Nxg3 36. hxg3 Kf7 37. Qa4 Bc7 38. Rxe8 Qxe8 39. Qc2 Be5 40. Be2 Kg7 41.
Qc5 Qd7 42. Bd3 Qc7 43. Qb5 Bd4 44. Qb1 Qxg3 45. Qe1 Qxd3 46. Qxe6 Qb1+ 47. Kh2
Qe4 48. Qd7+ Kf6 49. Qd8+ Qe7 50. Qh8+ Kf5 51. g4+ Ke4 52. Qxh6 Bxf2 53. Qg6+
Kd4 54. Kg2 Qe4+ 0-1

[Event "Superbet POL Blitz 2025"]
[Site "Warsaw POL"]
[Date "2025.04.29"]
[Round "2.4"]
[White "Gavrilescu, David"]
[Black "Deac, Bogdan-Daniel"]
[Result "1/2-1/2"]
[WhiteTitle "GM"]
[BlackTitle "GM"]
[WhiteElo "2554"]
[BlackElo "2668"]
[WhiteFideId "1227190"]
[BlackFideId "1226380"]
[EventDate "2025.04.29"]

1. e4 e5 2. Nf3 Nc6 3. Nc3 Nf6 4. d4 exd4 5. Nxd4 Bb4 6. Nxc6 bxc6 7. Bd3 O-O 8.
O-O d5 9. exd5 Bg4 10. f3 Bh5 11. Bg5 Bxc3 12. bxc3 cxd5 13. c4 Bg6 14. Bxg6
hxg6 15. Bxf6 Qxf6 16. cxd5 Qc3 17. Rf2 Rfd8 18. Rd2 Rd6 19. Rb1 Rad8 20. h3
Qc5+ 21. Kh1 Rxd5 22. Rxd5 Qxd5 23. Qxd5 Rxd5 24. Rb8+ Kh7 25. Rb7 Rc5 26. Rxa7
Rxc2 27. a4 f6 28. a5 Ra2 29. Rxc7 Rxa5 30. Kh2 g5 31. Rb7 Rc5 32. Ra7 Rb5 33.
Rc7 Ra5 34. Rb7 Rc5 35. Ra7 Rb5 36. Rc7 Ra5 37. Rb7 Rc5 38. Ra7 Rb5 1/2-1/2

[Event "Superbet POL Blitz 2025"]
[Site "Warsaw POL"]
[Date "2025.04.29"]
[Round "2.5"]
[White "Duda, Jan-Krzysztof"]
[Black "Vachier-Lagrave, Maxime"]
[Result "1-0"]
[WhiteTitle "GM"]
[BlackTitle "GM"]
[WhiteElo "2739"]
[BlackElo "2722"]
[WhiteFideId "1170546"]
[BlackFideId "623539"]
[EventDate "2025.04.29"]

1. Nf3 d5 2. d4 Nf6 3. Bf4 c5 4. e3 Nc6 5. c3 Qb6 6. Qc2 e6 7. Nbd2 Bd7 8. Bd3
Rc8 9. Qb1 Ne7 10. a4 Ng6 11. a5 Qd8 12. Bg3 Nh5 13. Qd1 Nxg3 14. hxg3 Bd6 15.
Nh4 Nxh4 16. Rxh4 g6 17. Nf3 f5 18. Ne5 Bxe5 19. dxe5 O-O 20. f4 d4 21. Bc4 dxc3
22. bxc3 Qe7 23. Qb3 Rb8 24. Rd1 Rfe8 25. Rd6 Kg7 26. Kf2 Bc8 27. Rh1 Qc7 28.
Qb5 Re7 29. Rhd1 b6 30. a6 h5 31. Kg1 Kh7 32. Kh2 Rg7 33. R1d2 Qe7 34. Qc6 g5
35. Rd8 gxf4 36. exf4 h4 37. g4 Bxa6 38. Rxb8 Bxc4 39. g5 Kg6 40. Rdd8 Kh5 41.
Rh8+ Kg6 42. Rh6+ Kf7 43. Rf6+ 1-0

[Event "Superbet POL Blitz 2025"]
[Site "Warsaw POL"]
[Date "2025.04.29"]
[Round "3.1"]
[White "Vachier-Lagrave, Maxime"]
[Black "Topalov, Veselin"]
[Result "1-0"]
[WhiteTitle "GM"]
[BlackTitle "GM"]
[WhiteElo "2722"]
[BlackElo "2717"]
[WhiteFideId "623539"]
[BlackFideId "2900084"]
[EventDate "2025.04.29"]

1. c4 Nf6 2. d4 e6 3. Nf3 c5 4. d5 exd5 5. cxd5 d6 6. Nc3 g6 7. g3 Bg7 8. Bg2
O-O 9. O-O Re8 10. Bf4 Na6 11. Re1 Bg4 12. Qb3 Rb8 13. Nb5 Bf8 14. h3 Bxf3 15.
Bxf3 Nc7 16. a4 a6 17. Nxc7 Qxc7 18. a5 Bg7 19. h4 Nd7 20. Qc2 Ne5 21. h5 b5 22.
axb6 Rxb6 23. Kg2 Rxb2 24. Qxb2 Nxf3 25. Qa2 Nxe1+ 26. Rxe1 a5 27. Qa4 Ra8 28.
h6 Bf8 29. Rb1 c4 30. Rc1 Rc8 31. Bd2 Qe7 32. Rxc4 Rxc4 33. Qxc4 a4 34. Bc1 f5
35. Qxa4 Qxe2 36. Bg5 Qd3 37. Qc6 Qe4+ 38. Kh2 Qg4 39. Be3 Qf3 40. Kg1 Qd1+ 41.
Kg2 Qd3 42. Qb7 Qe4+ 43. Kg1 Qf3 44. Qa8 Qe4 45. Bf4 Qe1+ 46. Kg2 Qe4+ 47. Kh2
Qf3 48. Kg1 Qd1+ 49. Kg2 Kf7 50. Qb7+ Kg8 51. Bxd6 Bxh6 52. Qc8+ Kf7 53. Qd7+ 1-0

[Event "Superbet POL Blitz 2025"]
[Site "Warsaw POL"]
[Date "2025.04.29"]
[Round "3.2"]
[White "Fedoseev, Vladimir3"]
[Black "Duda, Jan-Krzysztof"]
[Result "1-0"]
[WhiteTitle "GM"]
[BlackTitle "GM"]
[WhiteElo "2739"]
[BlackElo "2739"]
[WhiteFideId "24130737"]
[BlackFideId "1170546"]
[EventDate "2025.04.29"]

1. d4 Nf6 2. c4 e6 3. Nf3 d5 4. g3 Be7 5. Bg2 O-O 6. Nc3 c6 7. O-O a5 8. Bf4
dxc4 9. Ne5 Nd5 10. Nxc4 Nxf4 11. gxf4 Nd7 12. Kh1 Nf6 13. Bf3 Qc7 14. Ne5 Rd8
15. Rc1 Qb6 16. e3 Bd7 17. Na4 Qa7 18. Qb3 Be8 19. a3 Nd5 20. Rg1 Rac8 21. f5
exf5 22. Bxd5 cxd5 23. Rxc8 Rxc8 24. Nb6 Rd8 25. Nxd5 b5 26. f3 Kh8 27. Nf4 Bd6
28. Qc2 Bxe5 29. dxe5 Qxe3 30. Qg2 g6 31. Qg5 Qxf3+ 32. Ng2 Qd5 33. Qf6+ Kg8 34.
h4 Bc6 35. h5 Re8 36. h6 Qxe5 37. Qxc6 Qe7 38. Re1 Qxe1+ 39. Nxe1 Rxe1+ 40. Kg2
Kf8 41. Qc5+ Re7 42. Qd4 f6 43. Qxf6+ Ke8 44. Qc6+ Kf7 45. Kf3 g5 46. Qd5+ Kf6
47. Qxb5 g4+ 48. Kf2 f4 49. Qxa5 Re5 50. Qc7 1-0

[Event "Superbet POL Blitz 2025"]
[Site "Warsaw POL"]
[Date "2025.04.29"]
[Round "3.3"]
[White "Firouzja, Alireza"]
[Black "Praggnanandhaa, R"]
[Result "0-1"]
[WhiteTitle "GM"]
[BlackTitle "GM"]
[WhiteElo "2757"]
[BlackElo "2758"]
[WhiteFideId "12573981"]
[BlackFideId "25059530"]
[EventDate "2025.04.29"]

1. d4 Nf6 2. c4 e6 3. Nc3 Bb4 4. a3 Bxc3+ 5. bxc3 c5 6. e3 b6 7. Bd3 Bb7 8. f3
Nc6 9. Ne2 O-O 10. e4 Ne8 11. O-O Ba6 12. e5 Na5 13. f4 f5 14. d5 d6 15. dxe6
Qe7 16. g4 g6 17. gxf5 gxf5 18. Ng3 Ng7 19. Re1 Qxe6 20. Bf1 Rad8 21. Qf3 Bb7
22. Qf2 dxe5 23. Rxe5 Qc6 24. Be3 Rd6 25. Re7 Rf7 26. Rxb7 Qxb7 27. Re1 Qd7 28.
Qf3 Re7 29. h4 h6 30. h5 Qe8 31. Kf2 Kh8 0-1

[Event "Superbet POL Blitz 2025"]
[Site "Warsaw POL"]
[Date "2025.04.29"]
[Round "3.4"]
[White "Aronian, Levon"]
[Black "Gavrilescu, David"]
[Result "1-0"]
[WhiteTitle "GM"]
[BlackTitle "GM"]
[WhiteElo "2747"]
[BlackElo "2554"]
[WhiteFideId "13300474"]
[BlackFideId "1227190"]
[EventDate "2025.04.29"]

1. c4 e6 2. Nc3 d5 3. d4 c6 4. e3 Nf6 5. Nf3 Nbd7 6. h3 Be7 7. Bd3 b6 8. O-O Bb7
9. b3 O-O 10. Bb2 Rc8 11. Qe2 Re8 12. Rfd1 dxc4 13. bxc4 c5 14. d5 exd5 15. cxd5
Bd6 16. Nb5 Bb8 17. d6 a6 18. Nc7 Bxc7 19. dxc7 Qxc7 20. Bxa6 Bxa6 21. Qxa6 Qc6
22. Qd3 c4 23. Qf5 h6 24. Rac1 Qe6 25. Nd4 Qxf5 26. Nxf5 Rc5 27. Nd6 Ra8 28.
Nxc4 Rxa2 29. Bd4 Rf5 30. f3 b5 31. Rd2 Rxd2 32. Nxd2 Rd5 33. Nb3 Rd6 34. Rc8+
Kh7 35. Rc7 Ra6 36. Bxf6 Nxf6 37. Nd4 Rb6 38. Rxf7 b4 39. Nb3 Nd5 40. e4 Nc3 41.
Rc7 Kg6 42. Kf2 h5 43. h4 Ra6 44. Nd4 Ra2+ 45. Kg3 Rb2 46. Rb7 Kf6 47. Rb6+ Kf7
48. Kf4 Rxg2 49. Rxb4 Ne2+ 50. Nxe2 Rxe2 51. Rb7+ Kg6 52. Rb6+ Kf7 53. Kg5 Re3
54. Rb7+ Kf8 55. Kf4 Re1 56. Kf5 Rg1 57. e5 Kg8 58. f4 Kf8 59. Rb8+ Ke7 60. Rb7+
Kf8 61. Rb6 Kf7 62. Ra6 g6+ 63. Ke4 Re1+ 64. Kd5 Rd1+ 65. Kc6 Rc1+ 66. Kd7 Re1
67. Rf6+ Kg7 68. Rd6 Kf7 69. Rc6 Re4 70. Rf6+ Kg7 71. Ke7 Ra4 72. Rf7+ Kg8 73.
e6 Ra5 74. Kf6 Ra6 75. Rg7+ Kh8 76. Rxg6 Kh7 77. Rg5 Kh6 78. Re5 1-0

[Event "Superbet POL Blitz 2025"]
[Site "Warsaw POL"]
[Date "2025.04.29"]
[Round "3.5"]
[White "Deac, Bogdan-Daniel"]
[Black "Aravindh, Chithambaram VR."]
[Result "0-1"]
[WhiteTitle "GM"]
[BlackTitle "GM"]
[WhiteElo "2668"]
[BlackElo "2749"]
[WhiteFideId "1226380"]
[BlackFideId "5072786"]
[EventDate "2025.04.29"]

1. d4 Nf6 2. Nf3 e6 3. c4 Bb4+ 4. Nbd2 O-O 5. g3 b6 6. Bg2 Bb7 7. O-O Bxd2 8.
Qxd2 d6 9. b3 Nbd7 10. Bb2 a5 11. Rfd1 a4 12. Qc2 Be4 13. Qc3 Qb8 14. Bh3 b5 15.
Ne1 Qb7 16. f3 Bg6 17. e4 Rfb8 18. Nd3 Ra6 19. Rac1 axb3 20. axb3 bxc4 21. bxc4
Ra2 22. Rd2 Bxe4 23. Ra1 Rxa1+ 24. Bxa1 Bxf3 25. Rb2 Qa8 26. Rxb8+ Qxb8 27. Bb2
h6 28. Nf4 e5 29. Nd3 e4 30. Ne1 Be2 31. Bc1 Nf8 32. Kf2 Bg4 33. Bg2 Qb1 34. h3
Be6 35. d5 Bd7 36. Bxh6 Ng6 37. Bg5 Ne5 38. Bxf6 gxf6 39. Qe3 Bf5 40. g4 Bg6 41.
Bf1 Qa2+ 42. Qe2 Qa3 43. Qe3 Qb2+ 44. Kg3 Qb4 45. Nc2 Qb1 46. Ne1 Qa1 47. h4 Qb1
48. h5 Bh7 49. g5 f5 50. h6 Bg6 51. Kf4 Qd1 52. Qe2 Qc1+ 53. Qe3 Qa1 54. Kg3 Kh7
55. Kf4 Ng4 0-1

[Event "Superbet POL Blitz 2025"]
[Site "Warsaw POL"]
[Date "2025.04.29"]
[Round "4.1"]
[White "Aravindh, Chithambaram VR."]
[Black "Duda, Jan-Krzysztof"]
[Result "1-0"]
[WhiteTitle "GM"]
[BlackTitle "GM"]
[WhiteElo "2749"]
[BlackElo "2739"]
[WhiteFideId "5072786"]
[BlackFideId "1170546"]
[EventDate "2025.04.29"]

1. e4 c5 2. c3 Nf6 3. e5 Nd5 4. Bc4 Nb6 5. Bb3 d5 6. exd6 Qxd6 7. Na3 Nc6 8. Ne2
Bg4 9. O-O e6 10. f3 Bf5 11. d4 cxd4 12. Nb5 Qe5 13. Nexd4 Nxd4 14. Nxd4 Bc5 15.
Re1 Qc7 16. Be3 Bxd4 17. Bxd4 O-O 18. Qd2 h6 19. Qf2 Rfd8 20. Re5 Nd7 21. Re2 a5
22. a4 b6 23. h4 Nc5 24. Be5 Qe7 25. Bc4 Bd3 26. Qg3 f6 27. Bxd3 Rxd3 28. Bf4
Kh7 29. Rae1 e5 30. Be3 Nxa4 31. Qg4 Rxe3 32. Rxe3 Nc5 33. b4 axb4 34. cxb4 Ra4
35. Qf5+ g6 36. Qb1 Ne6 37. h5 Nf4 38. hxg6+ Kg7 39. Rd1 Rxb4 40. Qf5 Ne6 41.
Red3 Nd4 42. Qc8 Rb2 43. R3d2 Rxd2 44. Rxd2 Qb4 45. Qe8 Qc4 46. Rd1 h5 47. Re1
h4 48. Re4 h3 49. Rh4 Ne2+ 50. Kh2 Qxh4 51. Qf7+ Kh6 52. Qh7+ Kg5 53. Qxh4+ Kxh4
54. g7 hxg2 55. Kxg2 Nf4+ 56. Kf2 Nh3+ 57. Ke3 f5 58. g8=Q Ng5 59. Qh8+ 1-0

[Event "Superbet POL Blitz 2025"]
[Site "Warsaw POL"]
[Date "2025.04.29"]
[Round "4.2"]
[White "Deac, Bogdan-Daniel"]
[Black "Aronian, Levon"]
[Result "1-0"]
[WhiteTitle "GM"]
[BlackTitle "GM"]
[WhiteElo "2668"]
[BlackElo "2747"]
[WhiteFideId "1226380"]
[BlackFideId "13300474"]
[EventDate "2025.04.29"]

1. Nf3 Nf6 2. c4 b6 3. d4 e6 4. g3 Ba6 5. Nbd2 Bb7 6. Bg2 c5 7. O-O cxd4 8. Nxd4
Bxg2 9. Kxg2 Bc5 10. N4f3 O-O 11. b3 Be7 12. Bb2 d6 13. e4 Nfd7 14. Qe2 Nc6 15.
Rfd1 Qc7 16. Nf1 Qb7 17. Kg1 a6 18. Rac1 Rfd8 19. h4 b5 20. Ne3 Rac8 21. Ng4 h6
22. e5 dxe5 23. cxb5 Qxb5 24. Qxb5 axb5 25. Ngxe5 Ncxe5 26. Nxe5 Nxe5 27. Bxe5
f6 28. Bf4 Rxd1+ 29. Rxd1 Ra8 30. Rd2 Bc5 31. Rc2 Bd4 32. h5 e5 33. Bd2 Kf7 34.
Kg2 f5 35. Bb4 e4 36. a3 Ra7 37. Rd2 Bf6 38. Rd5 Ke6 39. Rxb5 Bd4 40. Ra5 Rc7
41. Ra6+ Kf7 42. Rd6 Be5 43. Rd2 Rc1 44. Rd7+ Ke6 45. Rd2 Rb1 46. Ra2 Rxb3 47.
Bd2 Rb2 48. Rxb2 Bxb2 49. a4 Kd5 50. a5 Kc6 51. Kf1 Kb5 52. Ke2 Be5 53. Ke3 Bf6
54. Be1 Be7 55. Kf4 Kc4 56. a6 Bc5 57. Kxf5 Kd3 58. g4 Ke2 59. Bc3 Kf3 60. Bxg7
Bxf2 61. Bxh6 1-0

[Event "Superbet POL Blitz 2025"]
[Site "Warsaw POL"]
[Date "2025.04.29"]
[Round "4.3"]
[White "Topalov, Veselin"]
[Black "Fedoseev, Vladimir3"]
[Result "0-1"]
[WhiteTitle "GM"]
[BlackTitle "GM"]
[WhiteElo "2717"]
[BlackElo "2739"]
[WhiteFideId "2900084"]
[BlackFideId "24130737"]
[EventDate "2025.04.29"]

1. c4 e6 2. b3 Be7 3. Bb2 Bf6 4. d4 c5 5. Nf3 Nc6 6. e3 Nge7 7. Qd2 cxd4 8. Nxd4
O-O 9. Be2 d5 10. cxd5 Qxd5 11. Nc3 Qxg2 12. O-O-O Nxd4 13. exd4 Bg5 14. f4 Bh6
15. Rhg1 Qxh2 16. Kb1 e5 17. d5 Bf5+ 18. Ka1 Rad8 19. d6 Ng6 20. Nd5 Bxf4 21.
Qe1 Rxd6 22. Ne7+ Nxe7 23. Rxd6 Ng6 24. Bc4 e4 25. Rd5 Be6 26. Rh1 Qg3 27. Qxe4
Bxd5 28. Bxd5 Be5 29. Bxb7 Rd8 30. Bxe5 Qxe5+ 31. Qxe5 Nxe5 32. Kb2 g5 33. a4 f5
34. Rh5 Nf7 35. b4 Rb8 36. Bd5 Rxb4+ 37. Kc3 Rg4 0-1

[Event "Superbet POL Blitz 2025"]
[Site "Warsaw POL"]
[Date "2025.04.29"]
[Round "4.4"]
[White "Praggnanandhaa, R"]
[Black "Vachier-Lagrave, Maxime"]
[Result "1-0"]
[WhiteTitle "GM"]
[BlackTitle "GM"]
[WhiteElo "2758"]
[BlackElo "2722"]
[WhiteFideId "25059530"]
[BlackFideId "623539"]
[EventDate "2025.04.29"]

1. d4 Nf6 2. Nf3 g6 3. Nbd2 d5 4. b3 Bg7 5. Bb2 O-O 6. e3 b6 7. Be2 Bb7 8. O-O
Nbd7 9. c4 e6 10. Rc1 c5 11. Rc2 Rc8 12. Qa1 Qe7 13. dxc5 bxc5 14. Ne5 Nxe5 15.
Bxe5 Rfd8 16. Nf3 Ne8 17. Rd1 h5 18. h3 Bxe5 19. Qxe5 dxc4 20. Rxd8 Rxd8 21.
Rxc4 Rd5 22. Qb2 Nf6 23. Qa3 a6 24. Qb2 Nd7 25. Rc1 Qf6 26. Qxf6 Nxf6 27. Kf1
Ne4 28. Ke1 Kf8 29. Rc4 Nd6 30. Rc2 Ne4 31. g3 Ke7 32. h4 Kf6 33. Ng1 Rd8 34.
Bf3 Rc8 35. Ne2 Ke7 36. Nf4 Nd6 37. Be2 a5 38. Rc1 Be4 39. f3 Bb7 40. e4 e5 41.
Nd3 c4 42. Nxe5 cxb3 43. Rxc8 Bxc8 44. axb3 Bb7 45. Kd2 Ke6 46. Nd3 Bc6 47. Nc5+
Ke7 48. Ke3 Nc8 49. Kd4 Nb6 50. Bd1 Kd6 51. Bc2 Ba8 52. f4 Bc6 53. Bd1 Ke7 54.
Bc2 Nc8 55. Na6 Kd6 56. e5+ Ke7 57. Kc5 Bd7 58. Nb8 Be8 59. Nc6+ Kd7 60. Nxa5
Kc7 61. Nc4 Bd7 62. Nd6 1-0

[Event "Superbet POL Blitz 2025"]
[Site "Warsaw POL"]
[Date "2025.04.29"]
[Round "4.5"]
[White "Gavrilescu, David"]
[Black "Firouzja, Alireza"]
[Result "0-1"]
[WhiteTitle "GM"]
[BlackTitle "GM"]
[WhiteElo "2554"]
[BlackElo "2757"]
[WhiteFideId "1227190"]
[BlackFideId "12573981"]
[EventDate "2025.04.29"]

1. e4 c5 2. Nf3 d6 3. Bb5+ Nd7 4. O-O a6 5. Bxd7+ Bxd7 6. c3 e6 7. d4 Ne7 8.
dxc5 dxc5 9. Ne5 Bc6 10. Qh5 Ng6 11. Nxc6 bxc6 12. Rd1 Qc7 13. Na3 Be7 14. Be3
O-O 15. Nc4 f5 16. exf5 exf5 17. Bg5 Rae8 18. Re1 Bxg5 19. Qxg5 Qd7 20. Qd2 Qd5
21. b3 f4 22. f3 Qg5 23. Rxe8 Rxe8 24. Re1 Rd8 25. Qe2 h5 26. Nd2 Rd5 27. Ne4
Qh4 28. Rd1 Qe7 29. Re1 a5 30. h3 Kh7 31. Qc2 Kh6 32. Kh2 Qh4 33. Rd1 Ne5 34.
Qe2 Qe7 35. Qf1 Nf7 36. c4 Rd4 37. Re1 Qh4 38. Re2 Ng5 39. Nxg5 Qxg5 40. Qb1 g6 0-1